000 00326nam a2200133 i 4500
001 bg
100 1 _aMASON, J.
245 0 _aVariational incremental and energy methods in solid... /
_cJ. Mason.
260 _aAmsterdam,
_c1980.
040 _cBPK
041 _apol
942 _cKS
008 s pl f |000 0 pol
999 _c28215
_d28215
856 _uhttp://koha.tu.koszalin.pl/cgi-bin/koha/opac-detail.pl?biblionumber=28215
_yKatalog online BPK